header

Meaning and universal grammar (Record no. 130822)

MARC details
000 -LEADER
fixed length control field 01511nam a2200373 a 4500
245 00 - TITLE STATEMENT
Title Meaning and universal grammar
260 ## - PUBLICATION, DISTRIBUTION, ETC. (IMPRINT)
Place of publication Amsterdam :
Name of publisher John Benjamins Pub. Co.,
Year of publication 2002.
300 ## - PHYSICAL DESCRIPTION
Number of Pages xv, 334 p. :
Other physical details map.
490 1# - SERIES STATEMENT
Series statement Studies in language companion series (SLCS),
505 0# - FORMATTED CONTENTS NOTE
Formatted contents note pt. 1. General -- pt. 2. Individual language studies.
650 #0 - SUBJECT ADDED ENTRY--TOPICAL TERM
Topical Term Semantics.
Topical Term Grammar, Comparative and general.
700 1# - ADDED ENTRY--PERSONAL NAME
Personal name Goddard, Cliff.
Personal name Wierzbicka, Anna.
856 40 - ELECTRONIC LOCATION AND ACCESS
Uniform Resource Identifier http://site.ebrary.com/lib/rucke/Doc?id=10495881

No items available.

© 2026 Rongo University
Contact us: librarian | system librarian | Rongo university